Un viaje a Nueva York en tiempos de guerra / (Registro nro. 113144)

Detalles MARC
000 -LEADER
campo de control de longitud fija 01115nam a22003257a 4500
001 - NÚMERO DE CONTROL
campo de control 113144
003 - IDENTIFICADOR DE NÚMERO DE CONTROL
campo de control mxcmmo
005 - FECHA Y HORA DE LA ÚLTIMA TRANSACCIÓN
campo de control 20260331231411.0
008 - DATOS DE LONGITUD FIJA--INFORMACIÓN GENERAL
campo de control de longitud fija 250604e202211 mx a||| |||| 00| f spa d
035 ## - NÚMERO DE CONTROL DEL SISTEMA
Número de control de sistema 250397
040 ## - FUENTE DE CATALOGACIÓN
Centro catalogador/agencia de origen mxcmmo
Lengua de catalogación spa
Centro/agencia transcriptor mxcmmo
Normas de descripción rda
041 0# - CÓDIGO DE IDIOMA
Código de lengua del texto/banda sonora o título independiente spa
043 ## - CÓDIGO DE ÁREA GEOGRÁFICA
Código de área geográfica n-mx---
045 ## - PERIODO DE TIEMPO DEL CONTENIDO
Código de periodo de tiempo w4w4
082 04 - NÚMERO DE LA CLASIFICACIÓN DECIMAL DEWEY
Clasificación M863.081
Número de ítem SUA.u
100 1# - ENTRADA PRINCIPAL--NOMBRE DE PERSONA
Nombre de persona Suárez Argüello, Ana Rosa
Término indicativo de función/relación autor
9 (RLIN) 205652
245 10 - MENCIÓN DEL TÍTULO
Título Un viaje a Nueva York en tiempos de guerra /
Mención de responsabilidad, etc. Ana Suárez
250 ## - MENCION DE EDICION
Mención de edición Primera edición, noviembre
264 #1 - PRODUCCIÓN, PUBLICACIÓN, DISTRIBUCIÓN, FABRICACIÓN Y COPYRIGHT
Producción, publicación, distribución, fabricación y copyright [Lugar de publicación no identificado] :
Nombre del de productor, editor, distribuidor, fabricante Malix Editores,
Fecha de producción, publicación, distribución, fabricación o copyright 2022
300 ## - DESCRIPCIÓN FÍSICA
Extensión 245 páginas :
Otras características físicas ilustraciones ;
Dimensiones 22 cm
336 ## - TIPO DE CONTENIDO
Término de tipo de contenido texto
Código de tipo de contenido txt
Fuente rdacontent
337 ## - TIPO DE MEDIO
Nombre/término del tipo de medio sin medio
Código del tipo de medio n
Fuente rdamedia
338 ## - TIPO DE SOPORTE
Nombre/término del tipo de soporte volumen
Código del tipo de soporte nc
Fuente rdacarrier
490 0# - MENCIÓN DE SERIE
Mención de serie Colección Escribidores
541 0# - NOTA DE FUENTE DE ADQUISICIÓN DIRECTA
Fuente de adquisición Amazon
Forma de adquisición Compra
651 #7 - PUNTO DE ACCESO ADICIONAL DE MATERIA--NOMBRE GEOGRÁFICO
Nombre geográfico Estados Unidos
Subdivisión general Historia
Subdivisión cronológica Guerra con México, 1845-1848
Subdivisión general Novela
9 (RLIN) 29276
651 #7 - PUNTO DE ACCESO ADICIONAL DE MATERIA--NOMBRE GEOGRÁFICO
Nombre geográfico México
Subdivisión general Historia
Subdivisión cronológica Invasión norteamericana, 1846-1848
Subdivisión general Novela
9 (RLIN) 29277
900 ## - ELEMENTOS DE DATOS A LOCAL, LDA (RLIN)
Nombre de persona Luis Manuel Hernández
Numeración Chávez Lorenzo, María de Lourdes
942 ## - ELEMENTOS DE ENTRADA SECUNDARIOS (KOHA)
Fuente del sistema de clasificación o colocación Clasificación Decimal Dewey
Tipo de ítem Koha Libro
901 ## - ELEMENTOS DE DATOS A LOCAL LDA (RLIN)
a batch batch
Existencias
Estatus retirado Estado de pérdida Fuente del sistema de clasificación o colocación Estado de daño No para préstamo Colección Biblioteca de origen Biblioteca actual Fecha de adquisición Fuente de adquisición Número de inventario Total de préstamos Signatura topográfica completa Código de barras Visto por última vez Precio de reemplazo Tipo de ítem Koha
    Clasificación Decimal Dewey     Libros (General) Biblioteca Instituto Mora Biblioteca Instituto Mora 04/06/2025 Compra 140504   (G)/M863.081 SUA.u 33006801144684 04/06/2025 04/06/2025 Libro préstamo regular